Catalog

Record Details

Catalog Search



Shock wave : a novel  Cover Image Book Book

Shock wave : a novel / Clive Cussler.

Summary:

A hundred and forty years after a British ship wrecks on the way to an Australian penal colony and the survivors discover diamonds on the tropical island where they wash up, Maeve Fletcher, one of their descendants, is stranded on an island in Antarctica with a party of passengers after their cruise ship seemingly abandons them.Dirk Pitt, on an expedition to find the source of a deadly plague that is killing dolphins and seals in the Weddell Sea, finds Maeve and the passengers and rescues them from death. When Pitt later uncovers the cause of the plague, he discovers that Maeve's father, Arthur Dorsett, and her two sisters are responsible because of their diamond-mining technology. A deadly race develops to stop Dorsett from continuing his murderous mining operations and to head off a disaster that will kill millions. Pitt's struggle to foil Dorsett's ruthless plan to destroy the market for diamonds and thus gain a monopoly of his own takes him from harrowing adventures off the west coast of Canada to being cast adrift in the Tasman Sea.

Record details

  • ISBN: 9780684802978
  • ISBN: 068480297X
  • ISBN: 9780671000301
  • ISBN: 0671000306
  • ISBN: 9780743426794
  • ISBN: 0743426797
  • ISBN: 9780684816395
  • ISBN: 0684816393
  • ISBN: 9780684816388
  • ISBN: 0684816385
  • Physical Description: 537 pages : illustrations ; 25 cm.
  • Publisher: New York : Simon & Schuster, [1996]
Subject: Pitt, Dirk (Fictitious character) > Fiction.
Genre: Action and adventure fiction.

Available copies

  • 1 of 1 copy available at scottsboropl.

Holds

  • 0 current holds with 1 total copy.
Show Only Available Copies
Location Call Number / Copy Notes Barcode Shelving Location Status Due Date
scottsboropl F Cus 32269000467277 Adult - Fiction Available -

LDR 01845cam a2200433 a 4500
001124579
003SBPL
00520220811154315.0
008950929t19961996nyu 000 1 eng
010 . ‡a 95030057
020 . ‡a9780684802978
020 . ‡a068480297X
020 . ‡a9780671000301
020 . ‡a0671000306
020 . ‡a9780743426794
020 . ‡a0743426797
020 . ‡a9780684816395
020 . ‡a0684816393
020 . ‡a9780684816388
020 . ‡a0684816385
035 . ‡a(CONS)124579
035 . ‡a(CPomAG)LMN488650
05000. ‡aPS3553.U75 ‡bS48 1996
08200. ‡a813/.54 ‡220
1001 . ‡aCussler, Clive, ‡d1931-2020, ‡eauthor.
24510. ‡aShock wave : ‡ba novel / ‡cClive Cussler.
264 1. ‡aNew York : ‡bSimon & Schuster, ‡c[1996]
300 . ‡a537 pages : ‡billustrations ; ‡c25 cm.
336 . ‡atext ‡btxt ‡2rdacontent
337 . ‡aunmediated ‡bn ‡2rdamedia
338 . ‡avolume ‡bnc ‡2rdacarrier
4901 . ‡aDirk Pitt adventure ; ‡v13.
520 . ‡aA hundred and forty years after a British ship wrecks on the way to an Australian penal colony and the survivors discover diamonds on the tropical island where they wash up, Maeve Fletcher, one of their descendants, is stranded on an island in Antarctica with a party of passengers after their cruise ship seemingly abandons them.Dirk Pitt, on an expedition to find the source of a deadly plague that is killing dolphins and seals in the Weddell Sea, finds Maeve and the passengers and rescues them from death. When Pitt later uncovers the cause of the plague, he discovers that Maeve's father, Arthur Dorsett, and her two sisters are responsible because of their diamond-mining technology. A deadly race develops to stop Dorsett from continuing his murderous mining operations and to head off a disaster that will kill millions. Pitt's struggle to foil Dorsett's ruthless plan to destroy the market for diamonds and thus gain a monopoly of his own takes him from harrowing adventures off the west coast of Canada to being cast adrift in the Tasman Sea.
60010. ‡aPitt, Dirk ‡c(Fictitious character) ‡vFiction.
655 7. ‡aAction and adventure fiction. ‡2lcgft
8001 . ‡aCussler, Clive. ‡tDirk Pitt adventures ; ‡v13.
901 . ‡a124579 ‡bUnknown ‡c124579 ‡tbiblio

Additional Resources